Classical theories of money, output and inflation : a study in historical economics /

Bibliographic Details
Main Author: Green, Roy, 1951-
Format: Book
Language:English
Published: New York, NY : St. Martin's Press, 1992.
Subjects:

MARC

Tag First Indicator Second Indicator Subfields
LEADER 00000cam a2200000 a 4500
001 in00001114421
005 20150930070321.0
008 920519s1992 nyu b 001 0 eng
010 |a  92020308  
020 |a 0312085567 
035 |a (OCoLC)26012756 
035 |9 AFV6897AM 
040 |a DLC  |c DLC  |d TXA  |d UtOrBLW 
049 |a TXAM 
050 0 0 |a HG220.A2  |b G68 1992 
082 0 0 |a 332.4  |2 20 
100 1 |a Green, Roy,  |d 1951- 
245 1 0 |a Classical theories of money, output and inflation :  |b a study in historical economics /  |c Roy Green. 
264 1 |a New York, NY :  |b St. Martin's Press,  |c 1992. 
300 |a xii, 271 pages ;  |c 23 cm. 
336 |a text  |b txt  |2 rdacontent 
337 |a unmediated  |b n  |2 rdamedia 
338 |a volume  |b nc  |2 rdacarrier 
504 |a Includes bibliographical references (pages 214-262) and indexes. 
650 0 |a Money. 
650 0 |a Inflation (Finance) 
650 0 |a Credit. 
999 |a MARS 
999 f f |s feda6af3-feff-37ed-919a-c0f7ffbf31df  |i 476ad0e9-e77f-3ac7-a2eb-4b0034d51edc  |t 0 
952 f f |p ric  |a Texas A&M University  |b Rellis Campus  |c Joint Library Facility  |d Remote Storage  |t 0  |e HG220.A2 G68 1992  |h Library of Congress classification  |i unmediated -- volume  |m A14817063545 
998 f f |a HG220.A2 G68 1992  |t 0  |l Remote Storage